000 00625nam a22002297a 4500
005 20171102111101.0
008 171102b xxu||||| |||| 00| 0 eng d
020 _a9789384052454
_c₹ 199.00
040 _aLoreto College
041 _aEnglish
082 _a822
_bSHA
100 _aShaw, Bernard
245 _aArms and the man
_ba pleasant play
_cBernard Shaw
260 _aNew Delhi
_bBloomsbury Publishing India
_c2015
300 _a117p.
_b22cm
440 _aNew Mermaids
504 _aIncludes Appendix
650 _aEnglish Drama
700 _4ed.
_aJ.P. Wearing
850 _aLCLIB
_bSC Book bank
942 _cBK
999 _c41286
_d91765